000
00320nam a2200133Ia 4500
005
20260328104306.0
008
260328s9999||||xx |||||||||||||| ||und||
100
_a
Livingston, Rodolfo
245
0
_a
CirugĂa de Casas /
_c
Rodolfo Livingston
260
_b
Nobuko
300
_a
189 p.
650
_a
HISTORIA
942
_c
BK
999
_c
10768
_d
10768